000
00300nam a2200121Ia 4500
008
230411s9999 xx 000 0 und d
041
_a
eng
082
_a
EN/420/MAL/B04870
100
_a
Mali Ramling B
_9
177292
245
_a
English for Nurses
260
_a
Mumbai
_c
2004
999
_c
155458
_d
155458